000 00292nam a22001217a 4500
008 180607b xxu||||| |||| 00| 0 eng d
041 _aeng
080 _a043.3
100 _a0
101 _aSHKI-BTH
245 _aBartja e zërit nëpërmjet rrjetave multimediale
_cSyla,B
942 _2udc
_cBK
999 _c46607
_d46607